Normal view
MARC view
- Organizational effectiveness
Entry Topical Term
001 - CONTROL NUMBER
- control field: 9156
003 - CONTROL NUMBER IDENTIFIER
- control field: OSt
005 - DATE AND TIME OF LATEST TRANSACTION
- control field: 20200206102158.0
008 - FIXED-LENGTH DATA ELEMENTS
- fixed length control field: 200206|| aca||aabn | a|a d
040 ## - CATALOGING SOURCE
- Original cataloging agency: OSt
- Transcribing agency: OSt
150 ## - HEADING--TOPICAL TERM
- Topical term or geographic name entry element: Organizational effectiveness
- General subdivision: Measurement
670 ## - SOURCE DATA FOUND
- Source citation: Work cat.: (OSt)0: Niven, Paul R. 9155, Balanced scorecard step-by-step :, 2006

PORTAL AKMAL
E-MEL JKDM
AKMAL2U
G-BAM
u-PUSTAKA